| 000 | 00756nam a2200193 a 4500 | ||
|---|---|---|---|
| 005 | 20250429063811.0 | ||
| 008 | 991125s1980 mx 000 0 spa u | ||
| 035 | _aUPN01000036346 | ||
| 049 | _aC | ||
| 050 | 4 |
_aHA767 _bM333 1980 |
|
| 110 | 1 |
_aMéxico. _bCoordinación General de los Servicios Nacionales de Estadística, Geografía e Informática _929234 |
|
| 245 | 1 | 0 |
_aManual de estadísticas básicas : _bsector asentamientos humanos / _cCoordinación General de los Servicios Nacionales de Estadística, Geografía e Informática. |
| 260 |
_aMéxico : _bSPP, _c1980. |
||
| 300 |
_a2 v. : _bcuadros |
||
| 650 | 2 |
_aAsentamientos humanos _92075 |
|
| 651 | 4 |
_aMEXICO - _vCENSOS _912645 |
|
| 651 | 4 |
_aMéxico _xPoblación _vEstadística _95412 |
|
| 905 | _aLibro | ||
| 999 |
_c36346 _d36346 |
||